000 01612nam a2200313 4500
001 144202
003 ES-MaACL
005 20250806063134.0
007 t|
008 070214s1977 sp r ||||1| spa d
017 _aB 4975-1977
_bOficina Depósito Legal Barcelona
020 _a84-279-0856-3
080 _a821.111(73)-31"19"
100 1 _aSinclair, Upton,
_d1878-1968
_eaut
_9106614
245 1 3 _aLa jungla /
_cUpton Sinclair ; [traducción del inglés por Antonio Samons]
250 _a1ª ed.
260 _aBarcelona :
_bNoguer,
_c1977
300 _a408 páginas ;
_c18 cm
490 1 _aLibros de bolsillo Noguer ;
_v49
_9181960
520 _aEn 1906 Upton Sinclair escribió "La jungla", una de las obras más descarnadas del socialismo literario, que toca con dureza temas tan actuales como la inmigración o la precariedad laboral. Escrita tras una visita a los mataderos de Chicago, es una descripción dura y realista de las inhumanas condiciones de trabajo en el sector. Su publicación generó protestas a favor de reformas laborales y agrícolas en Estados Unidos, y dio lugar a una investigación de Roosevelt y el Gobierno federal, que culminó en la “Pure Food Legislation” de 1906, acogida favorablemente por la opinión pública
534 _aTraducción de: The jungle
655 7 _aNovelas sociales
_2tgfbne
_9234402
700 1 _aSamons, Antonio
_etrl
_9102180
830 0 _aLibros de bolsillo Noguer ;
_v49
_9181960
852 _aES-MaACL
_bR.96500
_cSPP1
_jA-7270
942 _2udc
_cMONOGRAFIA
_n0
999 _c144202
_d144202